LEADER 00842nam a2200217 i 4500 001 000000191271 003 CaOOAMICUS 005 20100722000000.0 008 100722s1954 fr u000 u fre u 013 $a169790 040 $aSeMil$bita 100 1 $aPlinval, Georges : de,$d<1891-1973>.$0(OLS)http://semarc/name/9704 245 10$aPour connaitre la pensée de Saint Augustin /$cG. de Plinval. 260 $aParis :$bBordas,$ccopyr. 1954. 300 $a240 p. ;$c23 cm. 850 $aSeMil 852 $aSeMil$W1$xVenegono$y1$m2U III 6$j263113$B141885$CSeMilBibl$Z2$F153474 $81 961 $aOmaggio: Altro 961 $aVolume con evidenti e diffuse sottolineature (a pastello) 996 $6245$aPour connaitre la pensée de Saint Augustin$9(OLS)http://semarc/title/275607 996 $6260$aParis :$bBordas$9(OLS)http://semarc/publisher/32303 LEADER 00927nam a2200229 i 4500 001 000000199853 003 CaOOAMICUS 005 20110329000000.0 008 110329s1981 it u000 u ita u 013 $a178547 040 $aSeMil$bita 245 10$aGuida ai monumenti di Arsago Seprio /$cTesto a cura di Carlo Mastorgio. 260 $aArsago Seprio :$bPro Loco,$c1981. 300 $a1 v., [1] c. di tav. ripieg. :$bill. ;$c22 cm. 500 $aIn testa al front. : Dedica. 650 4$aArsago Seprio - Monumenti - Guide.$0(OLS)http://semarc/subject/37521 700 1 $aMastorgio, Carlo.$0(OLS)http://semarc/name/19432 850 $aSeMil 852 $aSeMil$W1$xVenegono$y1$m5D IX 12/8$j150388$B150388$CSeMilBibl$Z2$F161741 $81 961 $aOmaggio: Altro 996 $6245$aGuida ai monumenti di Arsago Seprio$9(OLS)http://semarc/title/288913 996 $6260$aArsago Seprio :$bPro Loco$9(OLS)http://semarc/publisher/51387